000 00818nam a2200265 a 4500
001 381
003 BR-CuiBMT
005 20231103022656.0
008 231101s2015 mgba 000 0 por d
020 _a9788545000525
040 _aBR-CuiBMT
_cBR-CuiBMT
080 _a351.9
_22007
090 _a351.9
_bZ99d
_c4. ed.
100 1 _aZymler, Benjamin
245 0 _aDireito administrativo e controle /
_cBenjamin Zymler ; prefácio Jessé Torres Pereira Junior.
250 _a4. ed.
260 _aBelo Horizonte :
_bFórum,
_c2015.
300 _a331p. :
_bil.
_c24 cm.
504 _aInclui bibliografia.
650 _aResponsabilidade administrativa
650 _aAdministração pública
_xControle judicial
_zBrasil
650 _aDireito administrativo
650 _aLicitações
_xFiscalização
942 _2udc
_cLV
999 _c381
_d381